000 00720nam a2200277Ia 4500
005 20260324144314.0
008 008 260324s9999 xx 000 0 eng d
020 _a9780203771167
037 _aEBOOK
040 _aCRL
040 _beng
040 _cCRL
041 _2eng
041 _aeng
084 _qCRL
100 _aClyde H. Coombs; George S. Avrunin; George S. Avrunin; Clyde H. Coombs; George S. Avrunin; Clyde H. Coombs
_91218827
245 4 _aThe Structure of Conflict
260 _bTaylor and Francis
260 _c1988
365 _a
365 _b230
856 _uhttp://www.taylorfrancis.com/books/9780203771167
942 _cEBOOK
999 _c1825293
_d1825293